Nerves and Common Sense (Record no. 233668)
[ view plain ]
| 000 -LEADER | |
|---|---|
| fixed length control field | 01443cam a22002413a 4500 |
| 001 - CONTROL NUMBER | |
| control field | 4339 |
| 003 - CONTROL NUMBER IDENTIFIER | |
| control field | PGUSA |
| 005 - DATE AND TIME OF LATEST TRANSACTION | |
| control field | 20140828083052.0 |
| 008 - FIXED-LENGTH DATA ELEMENTS--GENERAL INFORMATION | |
| fixed length control field | 030801s2003||||xxu|||||s|||||000 | eng d |
| 040 ## - CATALOGING SOURCE | |
| Original cataloging agency | PGUSA |
| Language of cataloging | eng |
| 042 ## - AUTHENTICATION CODE | |
| Authentication code | dc |
| 050 #4 - LIBRARY OF CONGRESS CALL NUMBER | |
| Classification number | RA |
| 100 1# - MAIN ENTRY--PERSONAL NAME | |
| Personal name | Call, Annie Payson, |
| Dates associated with a name | 1853-1940 |
| 245 10 - TITLE STATEMENT | |
| Title | Nerves and Common Sense |
| Medium | [electronic resource] / |
| Statement of responsibility, etc | Annie Payson Call |
| 260 ## - PUBLICATION, DISTRIBUTION, ETC. (IMPRINT) | |
| Name of publisher, distributor, etc | Project Gutenberg, |
| Date of publication, distribution, etc | 2003 |
| 505 0# - FORMATTED CONTENTS NOTE | |
| Formatted contents note | Habit and nervous strain -- How women can keep from being nervous -- "You have no idea how I am rushed" -- "Why does Mrs. Smith get on my nerves?" -- The trying member of the family -- Irritable husbands -- Quiet vs. chronic excitement -- The tired emphasis -- How to be ill and get well -- Is physical culture good for girls? -- Working restfully -- Imaginary vacations -- The woman at the next desk -- Telephones and telephoning -- Don't talk -- "Why fuss so much about what I eat?" -- Take care of your stomach -- About faces -- About voices -- About frights -- Contrariness -- How to sew easily -- Do not hurry -- The care of an invalid -- The habit of illness -- What is it that makes me so nervous? -- Positive and negative effort -- Human dust -- Plain every-day common sense -- A summing up. |
| 506 ## - RESTRICTIONS ON ACCESS NOTE | |
| Terms governing access | Public domain in the USA. |
| 516 ## - TYPE OF COMPUTER FILE OR DATA NOTE | |
| Type of computer file or data note | Electronic text |
| 653 ## - INDEX TERM--UNCONTROLLED | |
| Uncontrolled term | Mental health |
| 830 #0 - SERIES ADDED ENTRY--UNIFORM TITLE | |
| Uniform title | Project Gutenberg |
| Volume number/sequential designation | 4339 |
| 856 40 - ELECTRONIC LOCATION AND ACCESS | |
| Uniform Resource Identifier | <a href="http://www.gutenberg.org/ebooks/4339">http://www.gutenberg.org/ebooks/4339</a> |
| 942 ## - ADDED ENTRY ELEMENTS (KOHA) | |
| Koha item type | eBooks |
| Withdrawn status | Lost status | Damaged status | Home library | Current library | Date acquired | Total Checkouts | Date last seen | Price effective from | Koha item type |
|---|---|---|---|---|---|---|---|---|---|
| Project Gutenberg | Project Gutenberg | 08/28/2014 | 08/28/2014 | 08/28/2014 | eBooks |